Soạn thảo Luật pháp vì tiến bộ Xã hội dân chủ Sổ tay cho nhà soạn thảo - sách tham khảo

Đề cập đến những vấn đề cơ bản về phương pháp và kỹ thuật lập pháp, xác định vai trò và trách nhiệm của nhà soạn thảo luật, kỹ năng soạn thảo văn bản luật cụ thể, ...

محفوظ في:
التفاصيل البيبلوغرافية
المؤلف الرئيسي: Seidman, Ann
مؤلفون آخرون: Seidman, Robert B
التنسيق: كتاب
اللغة:Undetermined
منشور في: H. Chính trị Quốc gia 2003
الموضوعات:
الوصول للمادة أونلاين:http://lrc.tdmu.edu.vn/opac/search/detail.asp?aID=2&ID=15225
الوسوم: إضافة وسم
لا توجد وسوم, كن أول من يضع وسما على هذه التسجيلة!
Thư viện lưu trữ: Trung tâm Học liệu Trường Đại học Thủ Dầu Một
LEADER 01185nam a2200229Ia 4500
001 TDMU_15225
008 210410s9999 xx 000 0 und d
082 |a 340 
090 |b S201 
100 |a Seidman, Ann 
245 0 |a Soạn thảo Luật pháp vì tiến bộ Xã hội dân chủ 
245 0 |b Sổ tay cho nhà soạn thảo - sách tham khảo 
245 0 |c Ann Seidman, Robert B. Seidman, Nalin Abeyesekere; Nguyễn Duy Hưng và những người khác dịch 
260 |a H. 
260 |b Chính trị Quốc gia 
260 |c 2003 
300 |a 469tr. 
520 |a Đề cập đến những vấn đề cơ bản về phương pháp và kỹ thuật lập pháp, xác định vai trò và trách nhiệm của nhà soạn thảo luật, kỹ năng soạn thảo văn bản luật cụ thể, ... 
650 |a Soạn thảo văn bản  |x Ngành Luật; Luật pháp  |x Soạn thảo và ban hành  |x Kỹ thuật 
700 |a Seidman, Robert B 
856 |u http://lrc.tdmu.edu.vn/opac/search/detail.asp?aID=2&ID=15225 
980 |a Trung tâm Học liệu Trường Đại học Thủ Dầu Một